| 000 | 01303nam0a22003251 4500 | ||
|---|---|---|---|
| 001 | rc\2150031 | ||
| 005 | 20110826163939.2 | ||
| 035 | _a(NLR Aleph) 006543095 | ||
| 090 |
_a6658216 _c6658216 |
||
| 100 | _a20110826d1978 |||y0rusy50 ca | ||
| 101 | 0 | _arus | |
| 102 | _aRU | ||
| 105 | _aa z ||||| | ||
| 200 | 1 |
_aСельскохозяйственное объединение "Прогресс" _f[Блаер Г.Я., Миронов В.Ф., Белянина Л.Д., Лужнов Б.С. _gСост. Г.Я. Блаер] |
|
| 210 |
_aЯрославль _cВерх.-Волж. кн. изд-во _d1978 |
||
| 215 |
_a111 с. _cил. _d16 |
||
| 300 | _aАвт. указаны на обороте тит. л. | ||
| 606 |
_aСельскохозяйственные объединения _yВладим. обл. _2psbo |
||
| 686 |
_aУ9(2)320-434,0 _2rubbk |
||
| 701 | 1 |
_aБелянина _bЛ. Д. |
|
| 701 | 1 |
_aЛужнов _bБ. С. |
|
| 701 | 1 |
_aМиронов _bВ. Ф. |
|
| 701 | 1 |
_aБлаер _bГ. Я. _gГарри Яковлевич _4220 |
|
| 712 | 0 | 2 |
_a"Прогресс", с.-х. об-ние _cЮрьев-Польский р-н _3RU\NLR\AUTH\8810007019 |
| 801 | 0 |
_aRU _bNLR _gpsbo |
|
| 801 | 1 |
_aRU _bELAR _2rusmarc |
|
| 852 |
_aNLR _j78-2/4552 |
||
| 899 |
_aRuMoRGB _jM 79-1/95 |
||
| 942 | _cBOOK | ||
| 980 | _aNB | ||